000 00705nam a2200205 i 4500
001 170462
003 ES-MaACL
005 20230906214400.0
008 090306s1978 fr |||| | fre d
080 _a792.5(091)
100 0 _aGourret, Jean.
_959365
245 1 0 _aHistoire de l'opéra-comique /
_cJean Gourret ; préface de Jean Giraudeau.
260 _aParis :
_bLes Publications Universitaires,
_c1978.
300 _a304 p. :
_bil., fot. ;
_c22 cm.
504 _aBibliografía.
650 4 _aÓpera-
_zParís-
_xHistoria.
_915715
650 0 4 _aOpereta-
_xHistoria.
_915718
700 1 _aGiraudeau, Jean.
_9139602
852 4 _aES-MaACL
_jE-12482
_9R.140106
_z. - Biblioteca Jacinto Martínez Lacalle
999 _c170462
_d170462